| 000 | 00960cam a2200289 a 4500 | ||
|---|---|---|---|
| 001 | 13480186 | ||
| 003 | PILC | ||
| 005 | 20150507143506.0 | ||
| 008 | 040204s2005 ohua b 001 0 eng | ||
| 010 | _a 2004101631 | ||
| 020 | _a0324261608 | ||
| 035 | _a(DLC) 2004101631 | ||
| 040 |
_aDLC _cDLC _dDLC |
||
| 050 | 0 | 0 |
_aHG 3881 _b.D186 2005 |
| 082 | 0 | 0 | _a332/.042 |
| 100 | 1 | _aDaniels, Joseph P. | |
| 245 | 1 | 0 |
_aInternational monetary and financial economics / _cJoseph P. Daniels, David D. VanHoose. |
| 250 | _a3rd ed. | ||
| 260 |
_aMason, Ohio : _bSouth-Western, _c2005. |
||
| 300 |
_axxi, 600 p. : _billustrations ; _c24 cm. |
||
| 500 | _aIncludes bibliographical references and index. | ||
| 650 | 0 | _aInternational finance. | |
| 700 | 1 | _aVanHoose, David D. | |
| 906 |
_a7 _bcbc _corignew _d2 _eepcn _f20 _gy-gencatlg |
||
| 942 |
_2lcc _cBK |
||
| 999 |
_c283892 _d283892 |
||